Томас Алва Едисон (Запис номер 170752)
[ съкратено ]
| 000 -Лидер | |
|---|---|
| Контролно поле с фиксирана дължина | nam a22 a 4500 |
| 003 - Код на организацията, давaща контролен номер | |
| Контролно поле | BLK |
| 005 - Дата и час на последна редакция | |
| Контролно поле | 20220122150818.0 |
| 008 - Елементи от данни с фиксирана дължина | |
| fixed length control field | 180411b bul|||||r ||||||| ||bul|| |
| 010 ## - Наследен системен номер | |
| LC control number | KNG00178944000 |
| 040 ## - Източник на каталожния запис | |
| Идентификатор на билиотеката - собственик на записа | BLK |
| 041 ## - Код за език | |
| Код за езика на текст/звукозапис или на отделно заглавие | Български |
| Код за езика КДБФ | Български |
| 080 ## - УДК | |
| Текстов определител УДК | Съобщителна техника. Вж и 621.3.09. Организация и експлоатация на съобщенията вж 654 |
| УДК код - определител по УДК | 621.39 |
| УДК определител | (092) |
| УДК - код + определител | 621.39(092) |
| 080 ## - УДК | |
| Текстов определител УДК | Томас Едисон. Американски изобретател и бизнесмен |
| УДК код - определител по УДК | 929 Едисън, Томас Алва |
| УДК - код + определител | 929 Едисън, Томас Алва |
| 100 1# - Редна дума - Автор | |
| Автор | Михайлов, Михаил Г. |
| Авторска отговорност | първи автор |
| R(LIN) | 338664 |
| 139 ## - Редно поле | |
| Редна дума | Михайлов, Михаил Г. |
| Авторски знак | Едис - Е 31 |
| 245 10 - Сведения за заглавието | |
| Заглавие | Томас Алва Едисон |
| Подзаглавни данни | 1847 - 1931 : Биогр. очерк |
| Редно поле (дума) | Михаил Г. Михайлов. |
| 257 ## - Страна на издаване | |
| Страна на създаване/издаване | България |
| 260 ## - Област на издателските данни | |
| Място на издаване, разпространение и проч. | София |
| Име на издателя, разпространителя и проч. | Нар. просв. |
| Година на издаване | 1961 |
| 300 ## - Физическа характеристика | |
| Страници | 80 с. |
| Илюстрации и др. | с ил. |
| Размери/Мащаб | 25 см |
| 380 ## - Жанр | |
| Жанр | Техника |
| 490 ## - СЕРИИ (Колекции) | |
| Име на серия | Библиотека Бележити хора на науката |
| 9 (RLIN) | 206307 |
| 600 14 - Име на лице, използвано като предмет | |
| За него / За нея | Едисон, Томас Алва |
| 9 (RLIN) | 223689 |
| 650 #4 - Допълнително описание по предмет – тема | |
| Основно описание – тема или топоним | Едисън, Томас Алва |
| 9 (RLIN) | 258539 |
| 653 ## - Ключова дума – ненормативна | |
| Ключова дума | Томас Алва Едисон |
| 852 ## - Местоположение | |
| Форматна сигнатура | Цб 23208 |
| Фондова буква | Хранилище |
| 856 4# - Електронен адрес и достъп | |
| Електронен формат | pdf - файл |
| 856 4# - Електронен адрес и достъп | |
| Електронен формат | pdf - файл |
| 999 ## - СИСТЕМНИ КОНТРОЛНИ НОМЕРА | |
| Koha biblionumber | 170752 |
| Koha biblioitemnumber | 170752 |
| 942 ## - АРТИКУЛИ | |
| Вид на библиотечния материал | Книги |
| Скрит в OPAC | Не |
| Периодичен библиозапис | Да |
| 944 ## - СЪЗДАВАНЕ И РЕДАКЦИЯ на ЗАПИСА | |
| Създаване/Редакция | Създаване |
| Дата на регистрацията/редакция | 29.07.2015 |
| Служител, извършил регистрацията/редакцията | Теодора_Стоянова |
| 944 ## - СЪЗДАВАНЕ И РЕДАКЦИЯ на ЗАПИСА | |
| Създаване/Редакция | Редакция |
| Дата на регистрацията/редакция | 29.07.2015 |
| Служител, извършил регистрацията/редакцията | Теодора_Стоянова |
| 999 ## - СИСТЕМНИ КОНТРОЛНИ НОМЕРА | |
| Koha biblioitemnumber | 170752 |
| Код за отписване | Код за изгубен артикул | Източник на класификационната схема | Код за повреда | Коз за рестрикции | Код за отдаване | Артикулен № | Име на библиотеката - собственик | Име на библиотеката, в която се намира в момента | Статус (Текущо местоположение) | Дата на вписване в системата | Местоположение - отдел | Цена в лева | Инвентарен номер | Систематично азбучна сигнатура | Баркод | Номер на екземпляра | Цена в евро | Служебна бележка | Служебен тип на артикула |
|---|---|---|---|---|---|---|---|---|---|---|---|---|---|---|---|---|---|---|---|
| Не е изгубен | Universal Decimal Classification | Не е повреден | само за читалня | ползва се в читалня | 289572 | Регионална библиотека "Любен Каравелов" Русе | Регионална библиотека "Любен Каравелов" Русе | Хранилище | 1961-01-01 | Хранилище | 0.15 | 12045/62 | Цб 23208 | 900000089009 | 1 | 0.08 | Дост: Dp Вид: Сф Дата: 01.01.1961 | Книги | |
| Изтеглен | Не е изгубен | Universal Decimal Classification | Не е повреден | без рестрикции | заемане за дома | 289573 | Регионална библиотека "Любен Каравелов" Русе | Регионална библиотека "Любен Каравелов" Русе | Заемна - подръчен фонд | 1961-01-01 | Заемна - подръчен фонд | 0.00 | 11916/62 | П 621.39/Е 31 | 11916/62 | 2 | 0.00 | Дост: Pk Вид: Сф Дата: 01.01.1961 | Книги |
| Изтеглен | Не е изгубен | Universal Decimal Classification | Не е повреден | без рестрикции | заемане за дома | 289574 | Регионална библиотека "Любен Каравелов" Русе | Регионална библиотека "Любен Каравелов" Русе | Заемна - подръчен фонд | 1961-01-01 | Заемна - подръчен фонд | 0.00 | 11915/62 | П 621.39/Е 31 | 11915/62 | 3 | 0.00 | Дост: Pk Вид: Сф Дата: 01.01.1961 | Книги |
| Изтеглен | Не е изгубен | Universal Decimal Classification | Не е повреден | без рестрикции | заемане за дома | 289575 | Регионална библиотека "Любен Каравелов" Русе | Регионална библиотека "Любен Каравелов" Русе | Заемна - подръчен фонд | 1961-01-01 | Заемна - подръчен фонд | 0.00 | 11912/62 | П 621.39/Е 31 | 11912/62 | 4 | 0.00 | Дост: Pk Вид: Сф Дата: 01.01.1961 | Книги |